| 000 | 00535nam a22002057a 4500 | ||
|---|---|---|---|
| 003 | koha_MIRAKIL | ||
| 005 | 20231213095957.0 | ||
| 008 | 231213b |||||||| |||| 00| 0 ||| d | ||
| 020 | _b978-9-94409018-6 | ||
| 040 |
_aTR-IsEVY _btur _cTR-IsEVY |
||
| 082 | _a158.1 ERŞ/B | ||
| 100 | _aErşahin, Cengiz, 1969- | ||
| 245 | 0 | _aBaşarı öyküleri | |
| 250 | _a13. bs. | ||
| 260 |
_bTutku Yayınevi, _c2015 |
||
| 300 | _a207 s. | ||
| 650 | _aBaşarı hikâyeleri. | ||
| 650 | _aKişisel gelişim ve başarı. | ||
| 942 |
_2ddc _cBK |
||
| 999 |
_c12507 _d12507 |
||